|
|
|
|
| LEADER |
01577cas a2200277 a 4500 |
| 001 |
AALejournalIMF020101 |
| 008 |
230101c9999 xx r poo 0 0eng d |
| 020 |
|
|
|c 5.00 USD
|
| 020 |
|
|
|z 9781498336659
|
| 022 |
|
|
|a 2663-3493
|
| 040 |
|
|
|a BD-DhAAL
|c BD-DhAAL
|
| 110 |
2 |
|
|a International Monetary Fund.
|
| 245 |
1 |
0 |
|a Provisional Agenda for the Twenty-Second Meeting of the International Monetary and Financial Committee.
|
| 264 |
|
1 |
|a Washington, D.C. :
|b International Monetary Fund,
|c 2010.
|
| 300 |
|
|
|a 1 online resource (1 pages)
|
| 490 |
1 |
|
|a Policy Papers
|
| 500 |
|
|
|a <strong>Off-Campus Access:</strong> No User ID or Password Required
|
| 500 |
|
|
|a <strong>On-Campus Access:</strong> No User ID or Password Required
|
| 506 |
|
|
|a Electronic access restricted to authorized BRAC University faculty, staff and students
|
| 520 |
3 |
|
|a The following is the provisional agenda for the Twenty-Second Meeting of the International Monetary and Financial Committee, which is to be convened at the Fund's Headquarters in Washington, D.C. on October 8-9, 2010. A joint working breakfast of IMFC members and G-20 ministers on Next Steps on Quota and Governance Reforms will be held on Friday, October 8 from 8:00 a.m. until 9:30 a.m. in DAR Constitution Hall.
|
| 538 |
|
|
|a Mode of access: Internet
|
| 650 |
|
7 |
|a IMF Family Photograph
|2 imf
|
| 650 |
|
7 |
|a IMF Reform
|2 imf
|
| 650 |
|
7 |
|a PP
|2 imf
|
| 830 |
|
0 |
|a Policy Papers; Policy Paper ;
|v No. 2010/066
|
| 856 |
4 |
0 |
|z Full text available on IMF
|u http://elibrary.imf.org/view/journals/007/2010/066/007.2010.issue-066-en.xml
|z IMF e-Library
|